Peniaze v našich dejinách

Gespeichert in:
Bibliographische Detailangaben
1. Verfasser: Hlinka, Jozef
Weitere Verfasser: Kazimír, Štefan, Kolníková, Eva
Format: Buch
Sprache:Slowakisch
Veröffentlicht: Bratislava Obzor 1976
Tags: Tag hinzufügen
Keine Tags, Fügen Sie das erste Tag hinzu!

MARC

LEADER 00000nam a2200000 4500
001 c141322
005 20221128070637.3
041 0 |a slo 
044 |a SK 
245 1 0 |a Peniaze v našich dejinách  |c Jozef Hlinka, Štefan Kazimír, Eva Kolníková 
264 1 |a Bratislava  |b Obzor  |c 1976 
300 |a 290 s. 
100 1 |a Hlinka, Jozef 
700 1 |a Kazimír, Štefan 
700 1 |a Kolníková, Eva